Italian Football clubs - Statistics

General Stats
  • This quiz has been taken 165 times
  • The average score is 38 of 101
Answer Stats
Serie % Correct
Milan
98%
Inter
96%
Juventus
96%
Napoli
94%
Roma
94%
Lazio
92%
Fiorentina
91%
Torino
90%
Genoa
89%
Atalanta
85%
Udinese
84%
Bologna
83%
Hellas Verona
83%
Sampdoria
83%
Cagliari
81%
Bari
80%
Palermo
80%
Parma
78%
Venezia
72%
Sassuolo
71%
Lecce
69%
Chievo Verona
66%
Empoli
65%
Catania
60%
Benevento
57%
Brescia
57%
Pisa
57%
Spal
57%
Frosinone
54%
Ascoli
52%
Livorno
50%
Salernitana
49%
Monza
48%
Pescara
48%
Spezia
45%
Crotone
44%
Cremonese
43%
Perugia
43%
Cesena
41%
Foggia
41%
Siena
41%
Reggina
39%
Piacenza
38%
Pro Vercelli
38%
Vicenza
38%
Avellino
34%
Carpi
34%
Novara
34%
Padova
31%
Ternana
31%
Cosenza
29%
Alessandria
28%
Triestina
28%
Catanzaro
27%
Ravenna
27%
Sudtirol
27%
Trapani
27%
Rimini
26%
Juve Stabia
25%
Cittadella
24%
Olbia
22%
Pordenone
22%
Virtus Entella
22%
Albinoleffe
20%
Arezzo
20%
Potenza
20%
Pro Patria
20%
Carrarese
18%
Lucchese
17%
Pistoiese
15%
Matera
13%
Rieti
13%
Casertana
12%
Cuneo
12%
Siracusa
12%
Imolese
11%
Monopoli
11%
Teramo
11%
Feralpisaló
10%
Vis Pesaro
10%
Fermana
9%
Fano
8%
Giana Erminio
8%
Gubbio
8%
Juventus U23
8%
Vibonese
8%
Virtus Verona
8%
Viterbese
8%
Cavese
7%
Sambenedettese
7%
Pontedera
6%
Renate
6%
Paganese
5%
Virtus Francavilla
5%
Pro Piacenza
4%
Bisceglie
3%
Gozzano
3%
Rende
3%
Albissola
2%
Arzachena
2%
Sicula Leonzio
2%
No matching quizzes found
Score Distribution
Percent of People with Each Score
Percentile by Number Answered
Your Score History
You have not taken this quiz